| 000 | 00376nam a22001337a 4500 | ||
|---|---|---|---|
| 082 |
_a526.9 _bALV _cL-NUST, P-16 |
||
| 100 |
_aAlvi, Zamir _939659 |
||
| 245 |
_aA textbook of surveying _cZamir Alvi |
||
| 260 |
_aNew Delhi : _bVikas Publishing House Pvt Ltd, _c1994. |
||
| 300 | _a204 p. : | ||
| 526 |
_a0 _b0 _c0 _d526_900000000000000_ALV |
||
| 650 |
_aMCE _9379 |
||
| 942 |
_2ddc _cBK |
||
| 999 |
_c544111 _d544111 |
||